The parergon /
Uloženo v:
| Hlavní autor: | |
|---|---|
| Další autoři: | |
| Médium: | Kniha |
| Jazyk: | English |
| Vydáno: |
MIT Press,
|
| On-line přístup: | http://www.rae.com.pt/caderno%20mestrado/Derrida%20on%20Parergon.pdf |
| Tagy: |
Přidat tag
Žádné tagy, Buďte první, kdo vytvoří štítek k tomuto záznamu!
|
MARC
| LEADER | 00000nam a22000007a 4500 | ||
|---|---|---|---|
| 008 | 150710s1979 ||||| |||| 00| 0 eng d | ||
| 022 | |a 1536-013X | ||
| 040 | |a CIICLA | ||
| 041 | |a eng | ||
| 090 | |a 700 O | ||
| 100 | 1 | |a Derrida, Jacques | |
| 245 | |a The parergon / |c Jacques Derrida ; translated by Craig Owens | ||
| 260 | |b MIT Press, | ||
| 300 | |a 3-41 páginas: |b ilustraciones | ||
| 700 | 1 | |a Owens, Craig |j traducción | |
| 773 | 1 | |g Volumen 9 (Summer, 1979) |q páginas 3-41 |t October | |
| 856 | 3 | 0 | |u http://www.rae.com.pt/caderno%20mestrado/Derrida%20on%20Parergon.pdf |
| 942 | |2 ddc |c ARC | ||
| 999 | |c 4372 |d 4372 | ||
